LEADER 00977nam0-22002771i-450- 001 990001676120403321 005 20050927170725.0 035 $a000167612 035 $aFED01000167612 035 $a(Aleph)000167612FED01 035 $a000167612 100 $a20030910d1881----km-y0itay50------ba 101 0 $aita 200 1 $aDecreti portanti alcune aggiunte e modificazioni alla legge e regolamento sulla sanità pubblica - 13 maggio 1875 e 14 gennaio 1877 - n. 2499 e 3634$fItalia 210 $aTorino$cStamp. Gazzetta del Popolo$d1881 215 $a8 p.$d16 cm 610 0 $aSalute pubblica 676 $a352.4 710 01$aItalia$0423419 801 0$aIT$bUNINA$gRICA$2UNIMARC 901 $aBK 912 $a990001676120403321 952 $a60 340 C 152$b4358$fFAGBC 959 $aFAGBC 996 $aDecreti portanti alcune aggiunte e modificazioni alla legge e regolamento sulla sanità pubblica - 13 maggio 1875 e 14 gennaio 1877 - n. 2499 e 3634$9371137 997 $aUNINA LEADER 00924nam0-22003251i-450- 001 990001191710403321 005 20110413104707.0 035 $a000119171 035 $aFED01000119171 035 $a(Aleph)000119171FED01 035 $a000119171 100 $a20001205d1965----km-y1itay50------ba 101 0 $aeng 102 $aBR 105 $aa---a---001yy 200 1 $aCálculo tensorial$fpor Elon Lages Lima 210 $aRio de Janeiro, GB$cInstituto de Mathematica Pura e Aplicada do Conselho National de Pesquisas$d1965 215 $a228 p.$d28 cm 225 1 $aNotas de matemática$v32 610 0 $aCalcolo tensoriale 676 $a515.63$v21$zita 700 1$aLima,$bElon Lages$056150 801 0$aIT$bUNINA$gREICAT$2UNIMARC 901 $aBK 912 $a990001191710403321 952 $a22-A-25$bnon inv.$fMA1 959 $aMA1 962 $a53A45 996 $aCálculo tensorial$9341545 997 $aUNINA